000
00213 a2200109 4500
020
_a
978-84-9951-066-8
041
_a
spa
100
_a
peterson,scott
245
_a
el arbol de navidad
942
_c
BK
952
_7
1
999
_c
18019
_d
18019